[Event "SV Welper 2 - SF Brackel 4"]
[Site "Verbandsklasse - Gruppe 3 201"]
[Date "2019.03.10"]
[Round "7.4"]
[White "Leimkuehler, Dirk"]
[Black "Krueger, Sven"]
[Result "1/2-1/2"]
[WhiteElo "1822"]
[BlackElo "1952"]
[PlyCount "66"]
[EventDate "2019.??.??"]

1. f4 Nf6 2. Nf3 g6 3. g3 Bg7 4. Bg2 d6 5. d3 c5 6. e4 Nc6 7. Nc3 O-O 8. O-O
Rb8 9. h3 b5 10. Be3 b4 11. Ne2 Qc7 12. Qc1 a5 13. Rb1 Be6 14. c4 bxc3 15. Nxc3
Nb4 16. Ng5 Nxd3 17. Nxe6 fxe6 18. Qd2 Nb4 19. g4 Nd7 20. a3 Nc6 21. f5 Nde5
22. Bh6 Nc4 23. Qe2 N4e5 24. Bxg7 Kxg7 25. fxe6 Nd4 26. Qe3 Nxe6 27. Nd5 Qa7
28. Kh1 Rxf1+ 29. Bxf1 Rf8 30. Bg2 Nd4 31. g5 e6 32. Nf6 Nd7 33. Ng4 Qa6
1/2-1/2

[Event "SV Welper 2 - SF Brackel 4"]
[Site "Verbandsklasse - Gruppe 3 201"]
[Date "2019.03.10"]
[Round "7.5"]
[White "Klukas, Achim"]
[Black "Wallhof, Dieter"]
[Result "1-0"]
[WhiteElo "1996"]
[BlackElo "1866"]
[PlyCount "83"]
[EventDate "2019.??.??"]

1. c4 e5 2. g3 Nc6 3. Bg2 d6 4. Nc3 Be6 5. d3 g6 6. Bd2 Bg7 7. Nf3 Nf6 8. Rb1
h6 9. O-O Qd7 10. b4 Bh3 11. b5 Nd8 12. Nd5 Bxg2 13. Kxg2 Nh5 14. a4 Ne6 15. e4
O-O 16. h3 c6 17. Ne3 Nef4+ 18. gxf4 Nxf4+ 19. Kg1 Qxh3 20. Nh2 h5 21. Qf3 Qe6
22. Ng2 Nh3+ 23. Kh1 Bf6 24. Qg3 d5 25. cxd5 cxd5 26. Nf3 dxe4 27. dxe4 Rfd8
28. Be3 Rd3 29. Kh2 Nf4 30. Nxf4 exf4 31. Qxf4 Re8 32. e5 Bg7 33. Rfd1 Rd5 34.
Rxd5 Qxd5 35. Rc1 b6 36. Bd4 Qb3 37. Rc7 Rf8 38. Rxa7 Qc4 39. Ng5 Bh6 40. Rxf7
Rd8 41. Qf6 Rxd4 42. Qxg6+ 1-0

[Event "SV Welper 2 - SF Brackel 4"]
[Site "Verbandsklasse - Gruppe 3 201"]
[Date "2019.03.10"]
[Round "7.6"]
[White "Sharma, Rakesh"]
[Black "Sauer, Sabrina"]
[Result "1/2-1/2"]
[WhiteElo "1849"]
[BlackElo "1720"]
[PlyCount "37"]
[EventDate "2019.??.??"]

1. d4 Nf6 2. Bg5 d6 3. Bxf6 exf6 4. e3 g6 5. Bd3 Bg7 6. Ne2 O-O 7. O-O f5 8. c3
Nd7 9. Nd2 b6 10. Nf4 Bb7 11. e4 fxe4 12. Bxe4 Bxe4 13. Nxe4 Nf6 14. f3 Re8 15.
Qd3 d5 16. Ng5 Bh6 17. h4 Qd6 18. g3 Re7 19. Rae1 1/2-1/2

[Event "SV Welper 2 - SF Brackel 4"]
[Site "Verbandsklasse - Gruppe 3 201"]
[Date "2019.03.10"]
[Round "7.7"]
[White "Mathe, Christian"]
[Black "Kleff, Tim"]
[Result "1-0"]
[WhiteElo "1652"]
[BlackElo "1769"]
[PlyCount "49"]
[EventDate "2019.??.??"]

1. e4 e5 2. Nf3 Nc6 3. Bb5 a6 4. Ba4 Bc5 5. O-O d6 6. c3 b5 7. Bc2 Bg4 8. d3
Qd7 9. b4 Bb6 10. a4 Rd8 11. Na3 Nce7 12. axb5 axb5 13. Nxb5 c6 14. Na3 f5 15.
Nc4 Bc7 16. Ra7 Qc8 17. exf5 Bb8 18. Ra1 e4 19. dxe4 d5 20. Ncd2 Nf6 21. h3 Bh5
22. Qe2 g5 23. e5 Bxf3 24. Nxf3 Ne4 25. Bxe4 1-0

[Event "SV Welper 2 - SF Brackel 4"]
[Site "Verbandsklasse - Gruppe 3 201"]
[Date "2019.03.10"]
[Round "7.8"]
[White "Berke, Martin"]
[Black "Schroelkamp, Carsten"]
[Result "1-0"]
[WhiteElo "1744"]
[BlackElo "1622"]
[PlyCount "29"]
[EventDate "2019.??.??"]

1. e4 c6 2. d4 d5 3. e5 Bf5 4. Nf3 e6 5. Be2 c5 6. c4 cxd4 7. Nxd4 Bb4+ 8. Nc3
Ne7 9. O-O Bg6 10. cxd5 Bxc3 11. Bb5+ Kf8 12. bxc3 Nxd5 13. Qf3 Qh4 14. Nxe6+
Kg8 15. Qxd5 1-0

[Event "SV Mülheim-Nord 4 - SV Waltrop 1"]
[Site "Verbandsklasse - Gruppe 3 201"]
[Date "2019.03.10"]
[Round "7.1"]
[White "Gasper, Joern"]
[Black "Oltmanns, Jan"]
[Result "1-0"]
[WhiteElo "2029"]
[BlackElo "1951"]
[PlyCount "91"]
[EventDate "2019.??.??"]

1. e4 Nf6 2. e5 Nd5 3. d4 d6 4. c4 Nb6 5. exd6 exd6 6. Nc3 Nc6 7. Be3 Be7 8.
Bd3 O-O 9. Nge2 Nb4 10. O-O Nxd3 11. Qxd3 d5 12. c5 Nc4 13. Bc1 b6 14. b3 Na5
15. b4 Nc6 16. a3 Bf6 17. Bf4 g6 18. Rad1 a6 19. Bxc7 Qxc7 20. Nxd5 Qd8 21. Qf3
Bg7 22. Nxb6 Bb7 23. Nxa8 Qxa8 24. d5 Ne7 25. c6 Nxc6 26. dxc6 Bxc6 27. Qg3 Ba4
28. Rd2 Bb5 29. Rfd1 Ba4 30. Re1 Re8 31. Rd3 Bh6 32. f4 Qe4 33. Qf3 Qe6 34. Kf2
Bg7 35. Rc1 Qa2 36. Re1 Bb5 37. Kf1 Bxd3 38. Qxd3 Qe6 39. Rb1 Bf8 40. h3 Qa2
41. Re1 a5 42. bxa5 Bxa3 43. a6 Bc5 44. Qb5 Rc8 45. Rc1 Qd5 46. a7 1-0

[Event "SV Mülheim-Nord 4 - SV Waltrop 1"]
[Site "Verbandsklasse - Gruppe 3 201"]
[Date "2019.03.10"]
[Round "7.2"]
[White "Kremer, Moritz"]
[Black "Eckert, Marius"]
[Result "1/2-1/2"]
[WhiteElo "1898"]
[BlackElo "2095"]
[PlyCount "62"]
[EventDate "2019.??.??"]

1. Nf3 d5 2. g3 Nf6 3. Bg2 Bf5 4. O-O h6 5. d3 e6 6. c4 c6 7. Nbd2 Be7 8. b3
O-O 9. Bb2 Nbd7 10. Re1 Bh7 11. d4 a5 12. a3 Qb6 13. e3 Rfc8 14. c5 Qc7 15. b4
b6 16. Bc3 bxc5 17. bxc5 Rcb8 18. Bf1 a4 19. Bb4 Qc8 20. Nb1 Ne4 21. Nfd2 Ndf6
22. Nxe4 Nxe4 23. f3 Nf6 24. Nc3 Nd7 25. Nxa4 Ra7 26. Nb2 e5 27. Bd3 Bxd3 28.
Nxd3 exd4 29. exd4 Bf6 30. Ne5 Bxe5 31. dxe5 Nf8 1/2-1/2

[Event "SV Mülheim-Nord 4 - SV Waltrop 1"]
[Site "Verbandsklasse - Gruppe 3 201"]
[Date "2019.03.10"]
[Round "7.3"]
[White "Winterberg, Andreas"]
[Black "Schmidt, Kevin"]
[Result "1-0"]
[WhiteElo "1986"]
[BlackElo "1910"]
[PlyCount "40"]
[EventDate "2019.??.??"]

1. e4 e5 2. Nf3 Nc6 3. Nc3 Nf6 4. d4 exd4 5. Nxd4 d6 6. Nxc6 bxc6 7. Bd3 Be7 8.
O-O O-O 9. h3 a5 10. Bf4 Ba6 11. Bxa6 Rxa6 12. Qf3 Nd7 13. Rad1 Bf6 14. Qd3 Rb6
15. Na4 Rb4 16. b3 Re8 17. c4 Rxa4 18. bxa4 Nc5 19. Qf3 Nxe4 20. Rfe1 d5 1-0

[Event "SV Mülheim-Nord 4 - SV Waltrop 1"]
[Site "Verbandsklasse - Gruppe 3 201"]
[Date "2019.03.10"]
[Round "7.4"]
[White "Bartelt, Max Peter"]
[Black "Drewes, Martin"]
[Result "1-0"]
[WhiteElo "1711"]
[BlackElo "1934"]
[PlyCount "75"]
[EventDate "2019.??.??"]

1. d4 d5 2. Nf3 Nf6 3. Bf4 e6 4. e3 Bd6 5. Bxd6 Qxd6 6. Bd3 Nbd7 7. O-O e5 8.
dxe5 Nxe5 9. Nc3 a6 10. e4 Nxf3+ 11. Qxf3 Bg4 12. Qg3 Qxg3 13. hxg3 d4 14. Nd5
Nxd5 15. exd5 O-O-O 16. f3 Bh5 17. Bf5+ Kb8 18. Be4 Bg6 19. Rad1 f5 20. Bd3
Rxd5 21. Bc4 Rd6 22. Rfe1 Rhd8 23. Re7 R8d7 24. Rxd7 Rxd7 25. Kf2 c5 26. a4 Bf7
27. Bd3 g6 28. b3 Kc7 29. a5 Bd5 30. Re1 Kd6 31. Re8 Bc6 32. Bc4 Re7 33. Rf8
Bd5 34. Rd8+ Kc6 35. Bxd5+ Kb5 36. Rb8 Kxa5 37. Rxb7 Re3 38. Bc4 1-0

[Event "SV Mülheim-Nord 4 - SV Waltrop 1"]
[Site "Verbandsklasse - Gruppe 3 201"]
[Date "2019.03.10"]
[Round "7.5"]
[White "Breidenbach, Rolf"]
[Black "Vavro, Maximilian"]
[Result "1-0"]
[WhiteElo "1895"]
[BlackElo "1694"]
[PlyCount "89"]
[EventDate "2019.??.??"]

1. d4 d5 2. Bf4 Nf6 3. e3 Bf5 4. c3 e6 5. Nf3 c5 6. Bxb8 Rxb8 7. Bb5+ Ke7 8.
dxc5 Qc7 9. b4 a6 10. Bd3 Ne4 11. Qc2 g6 12. Nbd2 Bg7 13. Nd4 Nxd2 14. Qxd2
Bxd3 15. Qxd3 e5 16. Ne2 Rhd8 17. Rc1 Qd7 18. O-O f5 19. Rfd1 a5 20. a3 Qa4 21.
f4 axb4 22. axb4 e4 23. Qc2 Qxc2 24. Rxc2 Ra8 25. Kf2 Ra3 26. Rb1 Rda8 27. Rd1
Rd8 28. Nd4 Bxd4 29. Rxd4 Ke6 30. c4 Rd3 31. cxd5+ Rxd5 32. Rxd5 Kxd5 33. b5
Rb3 34. c6 bxc6 35. bxc6 Rb8 36. c7 Rc8 37. Kg3 Kd6 38. Kh4 h6 39. g4 Rxc7 40.
Rxc7 Kxc7 41. gxf5 gxf5 42. Kh5 Kd6 43. Kg6 Ke6 44. h3 h5 45. h4 1-0

[Event "SV Mülheim-Nord 4 - SV Waltrop 1"]
[Site "Verbandsklasse - Gruppe 3 201"]
[Date "2019.03.10"]
[Round "7.6"]
[White "Hausrath, Michaela"]
[Black "Sehrbrock, Christoph"]
[Result "1/2-1/2"]
[WhiteElo "1705"]
[BlackElo "1794"]
[PlyCount "116"]
[EventDate "2019.??.??"]

1. d4 Nf6 2. c4 e6 3. Nf3 Bb4+ 4. Bd2 Qe7 5. Nc3 O-O 6. a3 Bxc3 7. Bxc3 Ne4 8.
Rc1 b6 9. e3 Bb7 10. Be2 d6 11. O-O Nd7 12. Nd2 c5 13. Nxe4 Bxe4 14. Bf3 Bxf3
15. Qxf3 cxd4 16. Bxd4 Rfc8 17. b3 Nc5 18. Bxc5 bxc5 19. b4 cxb4 20. axb4 Rab8
21. b5 Rc5 22. Rfd1 Qc7 23. Qf4 e5 24. Qe4 Rbxb5 25. cxb5 Rxc1 26. Qa8+ Qc8 27.
Qxc8+ Rxc8 28. Kf1 Rd8 29. Rc1 Kf8 30. Rc7 Rb8 31. Rxa7 Rxb5 32. g3 g6 33. h4
Kg7 34. Rd7 Rb6 35. Ke2 Kf6 36. Kf3 Ke6 37. Rd8 d5 38. Re8+ Kd6 39. Rh8 h5 40.
Rd8+ Kc5 41. Rc8+ Rc6 42. Rf8 Rf6+ 43. Ke2 d4 44. Rc8+ Kd5 45. Rd8+ Ke4 46.
exd4 exd4 47. f3+ Ke5 48. Re8+ Re6 49. Rd8 Rd6 50. Re8+ Kf5 51. Kd3 f6 52. Re4
g5 53. hxg5 fxg5 54. g4+ Kg6 55. gxh5+ Kxh5 56. Rxd4 Rxd4+ 57. Kxd4 g4 58.
fxg4+ Kxg4 1/2-1/2

[Event "SV Mülheim-Nord 4 - SV Waltrop 1"]
[Site "Verbandsklasse - Gruppe 3 201"]
[Date "2019.03.10"]
[Round "7.7"]
[White "Neumann, Robert"]
[Black "Khanzadayev, Sabir"]
[Result "1/2-1/2"]
[WhiteElo "1820"]
[BlackElo "1508"]
[PlyCount "59"]
[EventDate "2019.??.??"]

1. d4 d6 2. Bf4 Nf6 3. e3 Nbd7 4. c3 e5 5. dxe5 dxe5 6. Bg3 c6 7. Nf3 Qc7 8.
Bc4 h6 9. b4 b5 10. Bb3 Be7 11. h3 Bb7 12. O-O g5 13. h4 Ne4 14. Qd3 f5 15. Be6
Nxg3 16. fxg3 e4 17. Qxd7+ Qxd7 18. Bxd7+ Kxd7 19. Ne5+ Ke6 20. Ng6 Rh7 21. Nd2
Bd6 22. Nb3 Kf6 23. h5 Bxg3 24. Rad1 Re8 25. Nc5 Bc8 26. Rd2 Rf7 27. Nh8 Rh7
28. Ng6 Rf7 29. Nh8 Rh7 30. Ng6 1/2-1/2

[Event "SV Kamen 1 - SV Horst-Emscher 1"]
[Site "Regionalliga 2018/2019"]
[Date "2019.03.03"]
[Round "8.1"]
[White "Baerwolf, Steven"]
[Black "Himmel, Hansjoerg"]
[Result "1-0"]
[WhiteElo "2136"]
[BlackElo "2208"]
[PlyCount "153"]
[EventDate "2019.??.??"]

1. b3 e5 2. Bb2 Nc6 3. e3 Nf6 4. Bb5 Bd6 5. Na3 Na5 6. Be2 c6 7. c4 Qe7 8. Nc2
c5 9. d4 b6 10. Nf3 e4 11. Nd2 Bc7 12. a3 O-O 13. b4 Nb7 14. O-O Re8 15. Nb3
Rb8 16. Bc3 d5 17. dxc5 dxc4 18. Bxc4 Bxh2+ 19. Kh1 Be5 20. Bxe5 Qxe5 21. f4
exf3 22. Qxf3 bxc5 23. Qf4 Qh5+ 24. Kg1 Bd7 25. e4 Bc6 26. Rae1 Qe5 27. Qxe5
Rxe5 28. bxc5 Nxc5 29. Nbd4 Ba4 30. Nb4 Rbe8 31. Nd5 Nxd5 32. Bxd5 R5e7 33. Nf5
Rd7 34. Rc1 Ne6 35. Rf3 h6 36. Rc4 Bb5 37. Rb4 Nc7 38. Rg3 Nxd5 39. Rxb5 Nf4
40. Rxg7+ Kf8 41. Rb3 Ne2+ 42. Kh2 Nd4 43. Rbg3 Nxf5 44. exf5 Ke7 45. Rh7 Red8
46. Rxh6 Rd3 47. Rxd3 Rxd3 48. Ra6 Rd7 49. Kg3 Kf8 50. Kg4 Kg7 51. Kg5 Rc7 52.
g4 Rd7 53. f6+ Kh7 54. Ra5 Rc7 55. Kf5 Rd7 56. g5 Rd1 57. Rxa7 Rf1+ 58. Ke4 Kg6
59. Ra5 Rd1 60. a4 Ra1 61. Kd4 Rg1 62. Kc5 Kxg5 63. Kb6+ Kxf6 64. Rd5 Rc1 65.
Rc5 Rb1+ 66. Kc7 Kg6 67. a5 Ra1 68. Kb6 Rb1+ 69. Rb5 Re1 70. a6 f5 71. a7 Re6+
72. Kb7 Re7+ 73. Ka6 Rxa7+ 74. Kxa7 Kg5 75. Kb6 Kg4 76. Kc5 f4 77. Kd4 1-0

[Event "SV Kamen 1 - SV Horst-Emscher 1"]
[Site "Regionalliga 2018/2019"]
[Date "2019.03.03"]
[Round "8.3"]
[White "Rebentisch, Tom"]
[Black "Kilian, Ralf"]
[Result "1/2-1/2"]
[WhiteElo "2095"]
[BlackElo "2082"]
[PlyCount "56"]
[EventDate "2019.??.??"]

1. d4 d5 2. c4 e6 3. Nc3 c5 4. cxd5 exd5 5. Nf3 Nc6 6. g3 Nf6 7. Bg2 Be7 8. O-O
O-O 9. Bg5 c4 10. Ne5 Be6 11. b3 Qa5 12. Nxc6 bxc6 13. Qc2 Rac8 14. bxc4 c5 15.
Bxf6 Bxf6 16. Nxd5 cxd4 17. Qd3 Bxd5 18. Bxd5 Rfe8 19. Rfc1 g6 20. Qf3 Kg7 21.
Rab1 Rc7 22. Rc2 Re5 23. Qd3 Rce7 24. Bf3 Rc7 25. Kf1 Qa4 26. Rb3 Qa6 27. Rbb2
Ra5 28. Bd5 Ra3 1/2-1/2

[Event "SV Kamen 1 - SV Horst-Emscher 1"]
[Site "Regionalliga 2018/2019"]
[Date "2019.03.03"]
[Round "8.5"]
[White "Arndt, Olaf"]
[Black "Rumpf, Thomas"]
[Result "1/2-1/2"]
[WhiteElo "1903"]
[BlackElo "2014"]
[PlyCount "107"]
[EventDate "2019.??.??"]

1. e4 e5 2. Nf3 Nc6 3. d4 exd4 4. Bc4 Nf6 5. e5 d5 6. Bb5 Ne4 7. Nxd4 Bd7 8.
Bxc6 bxc6 9. O-O Bc5 10. Be3 Qe7 11. f3 Ng5 12. f4 Ne4 13. Nd2 Nxd2 14. Qxd2
O-O 15. Rae1 Bb6 16. c3 c5 17. Ne2 c4 18. Ng3 Bxe3+ 19. Qxe3 Qe6 20. f5 Qb6 21.
Rf2 f6 22. e6 Qxe3 23. Rxe3 Bc6 24. Ne2 Rfe8 25. Nd4 Bb7 26. e7 Kf7 27. Rfe2
Bc8 28. Nb5 Bxf5 29. Nxc7 Be4 30. Nxa8 Rxa8 31. Rxe4 dxe4 32. Rxe4 Re8 33. Kf2
f5 34. Rxc4 Rxe7 35. Rc6 Ke8 36. b4 Kd7 37. Rc5 g6 38. b5 Kd6 39. Rc6+ Kd5 40.
a4 g5 41. a5 f4 42. Rc8 g4 43. c4+ Kd4 44. c5 Kd3 45. Rd8+ Kc4 46. b6 Kxc5 47.
Rc8+ Kd6 48. Rf8 axb6 49. axb6 Ke5 50. Rg8 Kf5 51. Ra8 Rb7 52. Ra5+ Ke4 53. Rb5
h5 54. Rb4+ 1/2-1/2

[Event "SV Kamen 1 - SV Horst-Emscher 1"]
[Site "Regionalliga 2018/2019"]
[Date "2019.03.03"]
[Round "8.6"]
[White "Kleinegger, Frank"]
[Black "Doenges, Dirk"]
[Result "1-0"]
[WhiteElo "2065"]
[BlackElo "1759"]
[PlyCount "49"]
[EventDate "2019.??.??"]

1. d4 d5 2. c4 c6 3. cxd5 cxd5 4. Nc3 Nf6 5. Bf4 e6 6. e3 Be7 7. Bd3 h6 8. Nf3
a6 9. O-O Nc6 10. Rc1 Bd6 11. Ne5 Bxe5 12. Bxe5 Nxe5 13. dxe5 Nd7 14. f4 O-O
15. e4 dxe4 16. Nxe4 b5 17. Rf3 Bb7 18. Rg3 f5 19. Nd6 Qb6+ 20. Kh1 Rad8 21.
Qh5 Nf6 22. Qxh6 Ng4 23. Rxg4 Rf7 24. Nxf7 fxg4 25. Qh7+ 1-0

[Event "SV Kamen 1 - SV Horst-Emscher 1"]
[Site "Regionalliga 2018/2019"]
[Date "2019.03.03"]
[Round "8.7"]
[White "Tobczewski, Peter"]
[Black "Georg, Heinz"]
[Result "0-1"]
[WhiteElo "1919"]
[BlackElo "2101"]
[PlyCount "86"]
[EventDate "2019.??.??"]

1. e4 e5 2. Nf3 Nc6 3. d4 exd4 4. Nxd4 Nf6 5. Bc4 Nxe4 6. O-O d5 7. Nxc6 bxc6
8. Bd3 Nc5 9. Re1+ Be6 10. Bf5 Qf6 11. Bg4 Bd6 12. Nc3 Rb8 13. Bxe6 fxe6 14.
Qh5+ Qf7 15. Qxf7+ Kxf7 16. Ne2 e5 17. f4 exf4 18. Nxf4 Rhe8 19. Rxe8 Rxe8 20.
Kf1 g5 21. Nd3 Ne4 22. g3 Kg6 23. Kg2 c5 24. Nf2 Nf6 25. Kf1 c4 26. Bd2 Be5 27.
Rb1 Kf5 28. c3 h6 29. Re1 c5 30. Rd1 Rb8 31. Rb1 d4 32. Nd1 Ne4 33. Be1 dxc3
34. b3 Bd4 35. Rc1 cxb3 36. axb3 Rxb3 37. Ke2 a5 38. Kd3 a4 39. Kc2 c4 40. Ra1
a3 41. Ra2 Kg4 42. Kc1 Kf3 43. Rc2 Nc5 0-1

[Event "SV Kamen 1 - SV Horst-Emscher 1"]
[Site "Regionalliga 2018/2019"]
[Date "2019.03.03"]
[Round "8.8"]
[White "Bals, Jochen"]
[Black "Weichert, Eddy"]
[Result "1-0"]
[WhiteElo "1856"]
[BlackElo "1707"]
[PlyCount "69"]
[EventDate "2019.??.??"]

1. e4 e5 2. Nf3 Nc6 3. Bc4 Nf6 4. d3 Bc5 5. c3 d6 6. Nbd2 O-O 7. O-O h6 8. b4
Bb6 9. h3 Ne7 10. Re1 Ng6 11. Nf1 c6 12. Bb3 Re8 13. Ng3 Qc7 14. Qc2 Be6 15.
Bxe6 fxe6 16. Bd2 Qf7 17. c4 Nd7 18. a4 Nh4 19. Nxh4 Bxf2+ 20. Kh2 Bxe1 21.
Rxe1 Qe7 22. Nf3 Rf8 23. Be3 b6 24. Qb2 c5 25. Qd2 cxb4 26. Qxb4 Nc5 27. Qa3 g5
28. a5 Kh7 29. d4 exd4 30. Bxd4 Qc7 31. Bxc5 bxc5 32. e5 dxe5 33. Rxe5 Rad8 34.
Qe3 Rf6 35. Rxe6 1-0

[Event "Weiße Dame Borbeck 1 - SV Eichlinghofen"]
[Site "Regionalliga 2018/2019"]
[Date "2019.03.03"]
[Round "8.1"]
[White "Schuette, Tobias"]
[Black "Loyen, Egbert"]
[Result "1/2-1/2"]
[WhiteElo "2035"]
[BlackElo "2189"]
[PlyCount "69"]
[EventDate "2019.??.??"]

1. f4 g6 2. Nf3 Bg7 3. g3 d5 4. Bg2 c6 5. O-O Qb6+ 6. Kh1 Bxb2 7. Bxb2 Qxb2 8.
Nc3 Nf6 9. Rb1 Qa3 10. Rb3 Qa5 11. Qe1 Nbd7 12. Ne5 Nc5 13. Rb2 Qa3 14. Nd1 h5
15. Rf3 Qa5 16. c4 Be6 17. Nf2 dxc4 18. e4 Qc7 19. d4 cxd3 20. Nfxd3 Nxd3 21.
Rxd3 O-O 22. h3 Rfd8 23. Qe3 Rxd3 24. Nxd3 Kh7 25. Nc5 b6 26. Nxe6 fxe6 27. Qb3
Qd7 28. f5 gxf5 29. exf5 Rd8 30. Kh2 Qd6 31. Re2 Rg8 32. Rxe6 Qc7 33. Qe3 Rg7
34. Rxc6 Qb8 35. Qf4 1/2-1/2

[Event "Weiße Dame Borbeck 1 - SV Eichlinghofen"]
[Site "Regionalliga 2018/2019"]
[Date "2019.03.03"]
[Round "8.2"]
[White "Hillenbrand, Michael"]
[Black "Bollwerk, Marcus"]
[Result "0-1"]
[WhiteElo "2087"]
[BlackElo "2055"]
[PlyCount "50"]
[EventDate "2019.??.??"]

1. c4 g6 2. Nc3 Bg7 3. g3 d6 4. Bg2 e5 5. e3 Nf6 6. Nge2 O-O 7. d4 Nbd7 8. O-O
Re8 9. b3 e4 10. Qc2 Qe7 11. Ba3 c6 12. Rac1 h5 13. Rfd1 Nf8 14. b4 Bg4 15. b5
N8h7 16. bxc6 bxc6 17. Qa4 Rac8 18. Qa5 Bh6 19. Rd2 Ng5 20. d5 Nf3+ 21. Bxf3
exf3 22. Nf4 Bxf4 23. gxf4 c5 24. Bb2 Bh3 25. Qa4 Ng4 0-1

[Event "Weiße Dame Borbeck 1 - SV Eichlinghofen"]
[Site "Regionalliga 2018/2019"]
[Date "2019.03.03"]
[Round "8.3"]
[White "Brockmann, Michael"]
[Black "Klasmeier, Jens"]
[Result "0-1"]
[WhiteElo "2005"]
[BlackElo "2090"]
[PlyCount "44"]
[EventDate "2019.??.??"]

1. d4 Nf6 2. c4 c5 3. d5 b5 4. cxb5 a6 5. bxa6 g6 6. b3 Bg7 7. Bb2 O-O 8. g3
Nxa6 9. Bg2 Bb7 10. e4 e6 11. Ne2 exd5 12. exd5 Nb4 13. Nbc3 Nfxd5 14. Qd2 Nc2+
15. Qxc2 Nb4 16. Qd2 Bxg2 17. Rg1 Bf3 18. Kf1 Re8 19. Nf4 Qf6 20. a4 g5 21. Nh3
Qa6+ 22. Nb5 Be2+ 0-1

[Event "Weiße Dame Borbeck 1 - SV Eichlinghofen"]
[Site "Regionalliga 2018/2019"]
[Date "2019.03.03"]
[Round "8.4"]
[White "Dewenter, Ulf"]
[Black "Dreier, Daniel"]
[Result "1-0"]
[WhiteElo "2109"]
[BlackElo "1893"]
[PlyCount "63"]
[EventDate "2019.??.??"]

1. d4 Nf6 2. c4 e5 3. dxe5 Ne4 4. a3 Nc6 5. Nf3 d6 6. Qc2 d5 7. Nc3 Nxc3 8.
Qxc3 d4 9. Qd3 Bg4 10. Bf4 Qd7 11. O-O-O Bc5 12. h3 Bf5 13. e4 Be6 14. b4 Bxb4
15. axb4 Nxb4 16. Qb3 c5 17. Nxd4 O-O 18. Nxe6 Qxe6 19. Rd6 Qe7 20. Be2 a5 21.
Qa4 Nc6 22. Rd5 f5 23. Be3 Nd4 24. Bxd4 cxd4 25. exf5 Qg5+ 26. Kb1 Qxg2 27. Rd1
b5 28. cxb5 Qxf2 29. Qc4 Kh8 30. e6 Rac8 31. e7 Rfe8 32. Qxc8 1-0

[Event "Weiße Dame Borbeck 1 - SV Eichlinghofen"]
[Site "Regionalliga 2018/2019"]
[Date "2019.03.03"]
[Round "8.5"]
[White "Wloka, Sebastian"]
[Black "Poetter, Clemens"]
[Result "1/2-1/2"]
[WhiteElo "1879"]
[BlackElo "2011"]
[PlyCount "41"]
[EventDate "2019.??.??"]

1. d4 d5 2. c4 c6 3. e3 Nf6 4. Nc3 a6 5. Qc2 Nbd7 6. Nf3 e6 7. b3 b5 8. Bd3 Be7
9. O-O Qc7 10. a3 bxc4 11. bxc4 O-O 12. e4 dxe4 13. Nxe4 Nxe4 14. Bxe4 Nf6 15.
Bg5 h6 16. Bxf6 Bxf6 17. Rab1 Bd7 18. Rb2 Rab8 19. Rfb1 Rxb2 20. Rxb2 Rb8 21.
Rxb8+ 1/2-1/2

[Event "Weiße Dame Borbeck 1 - SV Eichlinghofen"]
[Site "Regionalliga 2018/2019"]
[Date "2019.03.03"]
[Round "8.6"]
[White "Korste, Sebastian"]
[Black "Dekhtyaryuk, Dimitri"]
[Result "1-0"]
[WhiteElo "1922"]
[BlackElo "1849"]
[Annotator "Daniel"]
[PlyCount "63"]
[EventDate "2019.??.??"]

1. Nf3 Nf6 2. e3 c5 3. d4 cxd4 4. exd4 e6 5. Bd3 Nc6 6. c3 d5 7. O-O Bd6 8. Re1
O-O 9. Ne5 Nd7 10. f4 Qb6 11. Kh1 Qc7 12. Qc2 Nf6 13. Nd2 Bd7 14. Ndf3 h6 15.
Bd2 Rac8 16. Rac1 a6 17. h3 b5 $11 18. g4 a5 19. g5 hxg5 20. Nxg5 Be8 21. Rg1
Qe7 22. Qd1 g6 23. Qe1 Kg7 24. Qg3 Nh5 25. Qg2 Qf6 26. Rcf1 Ne7 27. Ng4 Nf5 28.
Nxf6 Nhg3+ 29. Kh2 Nxf1+ 30. Rxf1 Kxf6 31. Bxf5 Kxf5 32. Nh7 1-0

[Event "Weiße Dame Borbeck 1 - SV Eichlinghofen"]
[Site "Regionalliga 2018/2019"]
[Date "2019.03.03"]
[Round "8.7"]
[White "Gitschel, Ralf"]
[Black "Kindermann, Carsten"]
[Result "1/2-1/2"]
[WhiteElo "1878"]
[BlackElo "1908"]
[PlyCount "29"]
[EventDate "2019.??.??"]

1. e4 e5 2. Nf3 Nc6 3. Bb5 a6 4. Ba4 d6 5. c3 Bd7 6. O-O g6 7. Re1 Bg7 8. d3
Nge7 9. Nbd2 O-O 10. Nf1 b5 11. Bc2 d5 12. exd5 Nxd5 13. Bb3 Nde7 14. Bg5 Kh8
15. Qd2 1/2-1/2

[Event "Weiße Dame Borbeck 1 - SV Eichlinghofen"]
[Site "Regionalliga 2018/2019"]
[Date "2019.03.03"]
[Round "8.8"]
[White "Klasmeier, Hartmut"]
[Black "Heimlich, Oliver"]
[Result "1/2-1/2"]
[WhiteElo "1872"]
[BlackElo "1775"]
[PlyCount "56"]
[EventDate "2019.??.??"]

1. e4 e5 2. Nf3 d5 3. Nc3 d4 4. Ne2 Bd6 5. Ng3 Ne7 6. Bc4 h6 7. O-O Nd7 8. c3
Nb6 9. Bd3 c5 10. cxd4 cxd4 11. Bb5+ Bd7 12. Bxd7+ Qxd7 13. d3 O-O-O 14. a4 Kb8
15. b4 Qe6 16. a5 Nd7 17. Qa4 Rc8 18. Bb2 Nc6 19. Ba3 g6 20. Nd2 h5 21. Nc4 Be7
22. Ne2 f5 23. f3 Nd8 24. Rac1 g5 25. Ng3 f4 26. Nf5 Nf7 27. Nxe7 Qxe7 28. b5
Qe6 1/2-1/2

[Event "SC Hansa Dortmund 2 - SF Essen-Katernbe"]
[Site "Regionalliga 2018/2019"]
[Date "2019.03.03"]
[Round "8.1"]
[White "Bee, Marcus"]
[Black "Berndt, Joachim"]
[Result "1/2-1/2"]
[WhiteElo "2143"]
[BlackElo "2057"]
[PlyCount "80"]
[EventDate "2019.??.??"]

1. g3 e5 2. Bg2 Nc6 3. c4 f5 4. Nc3 Nf6 5. Nf3 e4 6. Ng5 h6 7. Nh3 Ne5 8. d3 c6
9. O-O Be7 10. dxe4 fxe4 11. Qd4 d6 12. Nxe4 Nxe4 13. Qxe4 O-O 14. c5 Bf5 15.
Qe3 Nc4 16. Qb3 d5 17. e4 Bxh3 18. Bxh3 Bxc5 19. exd5 cxd5 20. Qxb7 Nb6 21. Qc6
Qe7 22. Bf4 Rf6 23. Qc7 Qxc7 24. Bxc7 Raf8 25. Bf4 g5 26. b4 Bxb4 27. Be5 Rc6
28. Rac1 Nc4 29. Bg2 Rd8 30. Bd4 Ra6 31. Bxd5+ Rxd5 32. Rxc4 Bd6 33. a4 Be5 34.
Be3 Rda5 35. Rd1 Rxa4 36. Rxa4 Rxa4 37. Rd8+ Kf7 38. Rd7+ Kg6 39. Rxa7 Rxa7 40.
Bxa7 g4 1/2-1/2

[Event "SC Hansa Dortmund 2 - SF Essen-Katernbe"]
[Site "Regionalliga 2018/2019"]
[Date "2019.03.03"]
[Round "8.2"]
[White "Burchert, Wolfgang"]
[Black "Villwock, Martin"]
[Result "1-0"]
[WhiteElo "2008"]
[BlackElo "2166"]
[PlyCount "115"]
[EventDate "2019.??.??"]

1. e4 c5 2. Nf3 Nc6 3. d4 cxd4 4. Nxd4 Nf6 5. Nc3 e5 6. Ndb5 d6 7. Bg5 a6 8.
Na3 b5 9. Nd5 Be7 10. Bxf6 Bxf6 11. c4 b4 12. Nc2 a5 13. Qf3 Bg5 14. h4 Be7 15.
Rd1 O-O 16. c5 Be6 17. Nxe7+ Qxe7 18. Rxd6 Nd4 19. Nxd4 exd4 20. Qd3 Bxa2 21.
Qxd4 Rfb8 22. Rd7 Qe6 23. Bd3 Qg4 24. O-O Be6 25. Rd6 Qxh4 26. c6 Rd8 27. c7
Rxd6 28. Qxd6 g6 29. Qc6 Rf8 30. Ba6 Qg4 31. Rc1 Bc8 32. Bxc8 Rxc8 33. Qd6 Qe6
34. Qd5 a4 35. Qd8+ Kg7 36. Qd4+ Kg8 37. Qxb4 Qd7 38. Qb7 h5 39. Kf1 h4 40. Ke1
h3 41. gxh3 Qxh3 42. Rd1 Qh1+ 43. Kd2 Qh3 44. Kc2 Kg7 45. Kb1 a3 46. bxa3 Qc3
47. Qb2 Rxc7 48. Qxc3+ Rxc3 49. Kb2 Rf3 50. Rd2 f5 51. exf5 Rxf5 52. a4 Kf6 53.
Kb3 Kg5 54. Kb4 Re5 55. a5 Re1 56. Ra2 Rb1+ 57. Kc5 Rb8 58. a6 1-0

[Event "SC Hansa Dortmund 2 - SF Essen-Katernbe"]
[Site "Regionalliga 2018/2019"]
[Date "2019.03.03"]
[Round "8.3"]
[White "Heldt, Maximilian"]
[Black "Hillebrand, Carsten"]
[Result "1-0"]
[WhiteElo "2080"]
[BlackElo "1934"]
[Annotator "Daniel"]
[PlyCount "121"]
[EventDate "2019.??.??"]

1. c4 g6 2. Nc3 Bg7 3. g3 Nf6 4. Bg2 d6 5. d3 e5 6. e3 Nbd7 7. Nge2 O-O 8. O-O
Nb6 9. Rb1 Re8 10. Qc2 Rb8 11. b4 Be6 12. a4 Qd7 13. a5 Nc8 14. c5 d5 15. b5
Ne7 16. Bb2 c6 17. b6 a6 18. Nd1 Ng4 19. f3 Nh6 20. Qc1 f6 21. Nf2 Nf7 22. f4
Rf8 23. e4 Rbd8 24. Rd1 d4 25. Qc2 Nh6 26. Rf1 Ng4 $11 27. Nxg4 Bxg4 28. Rbe1
Be6 29. Nc1 Kh8 30. Nb3 Ng8 31. Nd2 Nh6 32. Nf3 Nf7 33. Bc1 Rde8 34. Nh4 Nh6
35. Bd2 Qd8 36. Qc1 exf4 37. Bxf4 Nf7 38. Nf3 Ne5 39. Qc2 Nxf3+ 40. Rxf3 Bg4
41. Rf2 Qd7 42. Bd6 Rf7 43. Qc4 Be6 44. Qxd4 f5 45. e5 Bh6 46. Qc3 Kg8 47. d4
Rg7 48. Rb2 Rc8 49. Qd3 Kh8 50. d5 cxd5 51. Bxd5 Rgg8 52. Bg2 Rxc5 53. Bxb7 Rc1
54. Rxc1 Bxc1 55. Rc2 Qxb7 56. Rxc1 Rc8 57. Bc7 Re8 58. Bd8 Kg8 59. Rc7 Qd5 60.
Qxd5 Bxd5 61. Bf6 1-0